• 首页
  • 本馆介绍
  • 公告通知
  • 最新文献
  • 馆藏检索
  • 电子资源
  • 读者导购
  • 参考咨询
  • 我的图书馆
  • 登录
  • 详细信息显示
  • 放入我的书架
  • 预约/预借图书
  • 作者相关作品
  • 分类相关作品
  • 丛书相关作品
  • 出版社相关作品

书目信息

  • 表格格式
  • 工作单格式
  • 卡片格式
题名:
博弈论经典
    
 
作者: 库恩 编著 ;韩松 译
分册:  
出版信息: 北京   中国人民大学出版社  2004
页数: 406页
开本: 24cm
丛书名: 当代世界学术名著
单 册:
中图分类: F224.32-53 , O225-53
科图分类:
主题词: 对策论--应用--经济--文集 , 运筹学 , 对策论
电子资源:
ISBN: 7-300-06083-8
000 01176nam0 2200325 450
000 01154nam0 2200313 450
000 01081nam0 2200289 450
000 01043oam2 2200277 450
005 20070722182722.43
010    @a7-300-06083-8@dCNY36.00
100    @a20050205d2004 em y0chiy0110 ea
101 1  @achi@ceng
102    @aCN@b110000
105    @ay z 001yy
200 1  @a博弈论经典@ABo Yi Lun Jing Dian@f(美)哈罗德·W.库恩(Harold W.Kuhn)编著@F( Mei ) Ha Luo De· W. Ku En (Harold W.Kuhn) Bian Zhu@g韩松等译
210    @a北京@c中国人民大学出版社@d2004
215    @a406页@d24cm
225 2  @a当代世界学术名著@i经济学系列
330    @a本书精选了20世纪50年代和60年代关于博弈论的经典文章18篇,从各方面来说,它们对于从事博弈论的研究者,对于经济学、政治和生物学的学生来说其价值是无限的。
410  0 @12001 @a经济学系列
510 1  @aClassics in Game Theory@zeng
606 0  @a对策论@x应用@x经济@j文集
606 0  @a运筹学
606 0  @a对策论
690    @aF224.32-53@v4
690    @aO225-53@v3
701  1 @c(美)@a库恩@AKu En@g(Kuhn, Harold W.)@4编著
702  0 @a韩松@AHan Song@c(经济学)@4译
801  0 @aCN@bTAOJIN@c20070722
905    @a10447@dO225-53@e136
    
    博弈论经典/(美)哈罗德·W.库恩(Harold W.Kuhn)编著/韩松等译.-北京:中国人民大学出版社,2004
    406页;24cm.-(当代世界学术名著.经济学系列)
    
    
    ISBN 7-300-06083-8:CNY36.00
    本书精选了20世纪50年代和60年代关于博弈论的经典文章18篇,从各方面来说,它们对于从事博弈论的研究者,对于经济学、政治和生物学的学生来说其价值是无限的。
●
相关链接 在E读中查询图书 在五车中查询图书 在当当中查询图书 在豆瓣中查询图书


正题名:博弈论经典     索取号:O225-53/136         预约/预借

序号 登录号 条形码 馆藏地/架位号 状态 备注
1 0823334   208233348   第二样本阅览室/ [索取号:O225-53/136] 在馆    
2 0823335   208233357   第三借阅区/ [索取号:O225-53/136] 在馆    
3 0823336   208233366   第三借阅区/ [索取号:O225-53/136] 在馆    
4 0823337   208233375   第三借阅区/ [索取号:O225-53/136] 在馆    
5 0823338   208233384   第三借阅区/ [索取号:O225-53/136] 在馆    
6 0823339   208233393   第三借阅区/ [索取号:O225-53/136] 在馆    
7 0823340   208233400   第三借阅区/ [索取号:O225-53/136] 在馆    
8 0823341   208233419   第三借阅区/ [索取号:O225-53/136] 在馆    
唐山师范学院图书馆 欢迎您!
大连网信软件有限公司© 版权所有